书目信息 |
| 题名: |
中国哲学史简编
|
|
| 作者: | 任继愈 主编 ;《中国哲学史简编》编写组 编著 | |
| 分册: | ||
| 出版信息: | 北京 人民出版社 1973.10 |
|
| 页数: | 575页 | |
| 开本: | 20cm | |
| 丛书名: | ||
| 单 册: | ||
| 中图分类: | B2 | |
| 科图分类: | ||
| 主题词: | 哲学--中国 | |
| 电子资源: | ||
| ISBN: | ||
| 000 | 00718nam0 2200217 450 | |
| 001 | 2235114866 | |
| 005 | 20221118162911.90 | |
| 010 | @dCNY 0.96 | |
| 091 | @a2001.136 | |
| 100 | @a20221118d1973 km y0chiy0120 ea | |
| 101 | 0 | @achi |
| 102 | @aCN@b110000 | |
| 200 | 1 | @a中国哲学史简编@Azhong guo zhe xue shi jian bian@f任继愈主编;《中国哲学史简编》编写组编著@Fren ji yu zhu bian;《zhong guo zhe xue shi jian bian》bian xie zu bian zhu |
| 210 | @a北京@c人民出版社@d1973.10 | |
| 215 | @a575页@d20cm | |
| 606 | 0 | @a哲学@x中国 |
| 690 | @aB2@v4 | |
| 701 | 0 | @a任继愈@Aren ji yu@4主编 |
| 702 | 0 | @a《中国哲学史简编》编写组@A《zhong guo zhe xue shi jian bian》bian xie zu@4编著 |
| 801 | 0 | @aCN@c20221118 |
| 905 | @dB2@eR488 | |
| 中国哲学史简编/任继愈主编;《中国哲学史简编》编写组编著.-北京:人民出版社,1973.10 |
| 575页;20cm |
| ISBN :CNY 0.96 |
| ● |
| 相关链接 |
|
|
|
正题名:中国哲学史简编
索取号:B2/R488
 
预约/预借
| 序号 | 登录号 | 条形码 | 馆藏地/架位号 | 状态 | 备注 |
| 1 | 502144 | 205021448 | 社科库509/509社科库 8排3列6层/ [索取号:B2/R488] | 在馆 |